000 00374nam a2200157Ia 4500
005 20250603145828.0
008 250603s9999 xx 000 0 und d
050 _aKF 60 .A5/
245 4 _aThe all england law reports.[ vol.1 ]
260 _aSussex,Britain.
260 _bButterworths.
260 _c1955
300 _a928 p
650 _aSussex,Britain.
942 _cBK
999 _c42979
_d42979